| 000 | 00851nas a2200289 4500 | ||
|---|---|---|---|
| 001 | BR8204415 | ||
| 003 | BR-BrBNA | ||
| 005 | 20231205085219.0 | ||
| 007 | ta | ||
| 008 | 230509b bl.|||p| |||| 00| 00por d | ||
| 040 |
_aBR-BrBNA _bpor _cBiblioteca Nacional de Agricultura |
||
| 041 | _a(Pt) | ||
| 072 | _aF00; F60 | ||
| 100 | 1 | _aBorba, C.S. | |
| 100 | 1 | _aFormoso, A.M. | |
| 100 | 1 | _aYamardo, A. | |
| 100 | 1 | _aGoncalves, J.C. | |
| 245 | 1 | _aQualidade das sementes, rendimento de graos e caracteres agronomicos da soja (Glycine max (l.)merrill) | |
| 650 | _aRENDIMENTO | ||
| 650 | _aPODER GERMINATIVO | ||
| 650 | _aGRAO | ||
| 650 | _aSEMENTE | ||
| 650 | _aSOJA | ||
| 773 | 0 |
_tAgronomia Sulriograndense (Brazil) _xISSN 0400-8111 _g(1982), v. 18(1) p. 11-21 _wBR8204415 |
|
| 909 |
_a202311 _bLúcia _c55 _dLúcia Elande |
||
| 942 |
_2AGRIS _n0 _cANA |
||
| 999 |
_c110033 _d110033 |
||